| 000 | 01373nas a2200325 i 4500 | ||
|---|---|---|---|
| 001 | 1447 | ||
| 003 | ES-MaACL | ||
| 005 | 20250725063203.0 | ||
| 007 | t| | ||
| 008 | 950801d17841791sp | | 1 ||pa d | ||
| 080 | _a(051) | ||
| 080 | _a008 | ||
| 245 | 0 | 0 | _aMemorial literario, instructivo y curioso de la corte de Madrid. |
| 260 |
_aMadrid : _bImp. Real, _c1784-1808. |
||
| 300 |
_av ; _c15 cm. |
||
| 310 | _a2 n. al mes | ||
| 362 | 0 | _aT. 1 (en. 1784)-en. 1791 | |
| 530 | _aDisponible en formato digital | ||
| 650 | 7 |
_aCultura _2embne _9170963 |
|
| 785 | 0 | 0 |
_tContinuación del Memorial literario instructivo y curioso de la corte de Madrid _cT. 1 (jul. 1793)-t. 28 (dic. 1797) |
| 852 |
_aES-MaACL _cDEPO _jR-544-73 _x Olim: G-637-66 |
||
| 852 |
_aES-MaACL _cDEPO _dOlim: D- 4782-93 _fEx libris de la "Biblioteca de D. A. Cánovas del Castillo" _jR-589-600 |
||
| 856 |
_uhttps://hemerotecadigital.bne.es/hd/issn/1576-9801 _yVersión en línea _z(Hemeroteca Digital) |
||
| 856 |
_uhttps://hemerotecadigital.bne.es/hd/issn/1576-981X _yVersión en línea: Continuación del Memorial literario instructivo y curioso de la corte de Madrid _zHemeroteca Digital |
||
| 866 | 0 | _o1784-1795. | |
| 866 | 0 | _o1784(1785 f. en. y nov.)(1786 f. febr., abril, ag. y oct.). | |
| 942 |
_2udc _cPERIODICA _n0 |
||
| 999 |
_c1447 _d1447 |
||